000 00308nam a22001457a 4500
008 221111b ||||| |||| 00| 0 eng d
020 _a8852240155
041 _aeng
080 _a32
082 _a32 FEA
100 _a32
101 _aJUR
245 _aELECTRICITY & MATTER
_cFEATHER N
942 _2udc
_cBK
999 _c58857
_d58857